Statistiken für Länder, die Liberia am nächsten liegen

Klicken Sie hier um das Quiz zu spielen!

Allgemein

  • Dieses Quiz wurde 63 mal gespielt
  • Das Durchschnittsergebnis liegt bei 17 aus 20

Antwortstatistiken

kmLand% Korrekt
281Mali
97%
0Côte d'Ivoire
95%
1203Niger
95%
886Togo
95%
0Guinea
94%
452Senegal
94%
665Gambia
92%
997Benin
90%
1118Nigeria
90%
450Burkina Faso
89%
469Ghana
89%
519Guinea-Bissau
89%
721Mauretanien
89%
1778Kamerun
85%
0Sierra Leone
82%
1574Cabo Verde
81%
1811Algerien
79%
1773Äquatorial-Guinea
74%
1620São Tomé und Príncipe
74%
1458Westsahara
42%

Verteilung der Resultate

Perzentil nach korrekt beantworteten Fragen

Anzahl Personen mit jedem Resultat

Ihre Resultats-Entwicklung

Sie haben dieses Quiz noch nicht gespielt